书目信息 |
| 题名: |
灯谜集锦
|
|
| 作者: | 袁晖 , 张礼鹤 , 尚巾 编著 | |
| 分册: | ||
| 出版信息: | 北京 海洋出版社 2008.01 |
|
| 页数: | 273页 | |
| 开本: | 21cm | |
| 丛书名: | 农家书屋系列丛书 | |
| 单 册: | ||
| 中图分类: | I277.8 | |
| 科图分类: | ||
| 主题词: | 灯谜--deng mi--中国--汇编 | |
| 电子资源: | ||
| ISBN: | 978-7-5027-6985-7 | |
| 000 | 00945nam 2200277 450 | |
| 001 | 012009757484 | |
| 005 | 20091011092329.67 | |
| 010 | @a978-7-5027-6985-7@dCNY13.00 | |
| 100 | @a20091011d2008 em y0chiy0120 ea | |
| 101 | 0 | @achi |
| 102 | @aCN@b110000 | |
| 105 | @ay z 000yy | |
| 106 | @ar | |
| 200 | 1 | @a灯谜集锦@Adeng mi ji jin@f袁晖, 张礼鹤, 尚巾编著@Fyuan hui,zhang li he,shang jin bian zhu |
| 210 | @a北京@c海洋出版社@d2008.01 | |
| 215 | @a273页@d21cm | |
| 225 | 2 | @a农家书屋系列丛书@Anong jia shu wu xi lie cong shu |
| 330 | @a本书介绍了灯谜的基础知识,并选录了一些文字谜语、花色谜语和常见的专用词语,奉献给读者尽可能丰富全面的有用信息。 | |
| 410 | 0 | @12001 @a农家书屋系列丛书 |
| 606 | 0 | @a灯谜@Adeng mi@y中国@j汇编 |
| 690 | @aI277.8@v4 | |
| 701 | 0 | @a袁晖@Ayuan hui@4编著 |
| 701 | 0 | @a张礼鹤@Azhang li he@4编著 |
| 701 | 0 | @a尚巾@Ashang jin@4编著 |
| 801 | 0 | @aCN@bQSSK@c20091011 |
| 905 | @b761329-31@dI277.8@eY893@f3 | |
| 灯谜集锦/袁晖, 张礼鹤, 尚巾编著.-北京:海洋出版社,2008.01 |
| 273页;21cm.-(农家书屋系列丛书) |
| ISBN 978-7-5027-6985-7:CNY13.00 |
| 本书介绍了灯谜的基础知识,并选录了一些文字谜语、花色谜语和常见的专用词语,奉献给读者尽可能丰富全面的有用信息。 |
| ● |
| 相关链接 |
|
|
|
正题名:灯谜集锦
索取号:I277.8/Y893
 
预约/预借
| 序号 | 登录号 | 条形码 | 馆藏地/架位号 | 状态 | 备注 |
| 1 | 761329 | 207613297 | 文学库116/116文学库 13排1列3层/ [索取号:I277.8/Y893] | 在馆 | |
| 2 | 761330 | 207613304 | 文学库116/116文学库 13排1列3层/ [索取号:I277.8/Y893] | 在馆 | |
| 3 | 761331 | 207613313 | 文学库116/422社科库 31排1列4层/ [索取号:I277.8/Y893] | 在馆 |